[Event "34th Chess Olympiad (women)"]
[Site "Istanbul"]
[Date "2000.11.02"]
[Round "6.38.3"]
[White "Matsuo, Akemi"]
[Black "Zahira, El"]
[WhiteElo "2000"]
[BlackElo "2000"]
[WhiteCountry "JPN"]
[BlackCountry "MAR"]
[Result "0-1"]

1. e4 c5 2. Nf3 d6 3. d4 cxd4 4. Nxd4 Nf6 5. Nc3 g6 6. Be3 Bg7 7. Qd2 Nbd7 
8. O-O-O a6 9. Bd3 Nc5 10. f3 Nxd3+ 11. Qxd3 Bd7 12. Rhe1 O-O 13. Qd2 Re8 
14. Bh6 Bh8 15. h4 b5 16. Kb1 b4 17. Nd5 Nxd5 18. exd5 a5 19. g4 Rc8 20. h5 Qc7 
21. Rc1 Qc4 22. hxg6 Qxd4 23. Qxd4 Bxd4 24. gxf7+ Kxf7 25. Bd2 Bg7 26. Rh1 Rh8 
27. Rce1 Rc4 28. Re4 Rxe4 29. fxe4 Bxg4 30. Rf1+ Ke8 31. Rg1 h5 32. c3 bxc3 
33. bxc3 Kd7 34. c4 Bd4 35. Rf1 Be2 36. Rc1 Bd3+ 
0-1

[Event "34th Chess Olympiad (women)"]
[Site "Istanbul"]
[Date "2000.11.02"]
[Round "6.39.1"]
[White "Wiesuriya, Vineetha"]
[Black "Mendes, Alves"]
[WhiteElo "2000"]
[BlackElo "2000"]
[WhiteCountry "SRI"]
[BlackCountry "ANG"]
[Result "1-0"]

1. d4 Nf6 2. Bg5 e6 3. Nf3 Be7 4. Nbd2 d5 5. e3 Nbd7 6. Rc1 c5 7. Bb5 cxd4 
8. exd4 O-O 9. O-O Qb6 10. Bxd7 Bxd7 11. Rb1 Rac8 12. c3 h6 13. Bh4 Qa6 
14. a3 Ba4 15. Qc1 Bb5 16. Re1 Rfe8 17. Ne5 Nd7 18. Bxe7 Nxe5 19. Rxe5 Rxe7 
20. Nf3 Bd3 21. Ra1 Rec7 22. Qd2 Be4 23. Rh5 Qd3 24. Qxd3 Bxd3 25. Re5 Be4 
26. Nd2 Bg6 27. Rae1 Rc6 28. Nf3 Rb6 29. R1e2 Rcc6 30. R5e3 f6 31. Ne1 Kf7 
32. h3 Rb3 33. Rd2 Rcb6 34. Ree2 Bh5 35. f3 Bg6 36. g4 h5 37. Ng2 hxg4 
38. hxg4 Bh7 39. Nf4 g5 40. Nh3 Bg6 41. Kg2 Bh7 42. Kg3 Bg6 43. Rh2 Kg7 
44. Rhe2 Kf7 45. Nf2 Bh7 46. Nd1 Bg6 47. Rh2 f5 48. gxf5 exf5 49. f4 gxf4+ 
50. Kxf4 Re6 51. Ne3 Re4+ 52. Kf3 Rb5 53. Ng2 Rb6 54. Nf4 Rd6 55. Rh6 Kg7 
56. Rdh2 Bf7 57. Rh7+ Kf8 58. Rh8+ Ke7 59. R2h7 Kf6 60. Rh2 Re7 61. Rg2 Re4 
62. Nd3 Rd7 63. Ne5 Re7 64. Rh6+ Bg6 65. Rhxg6# 
1-0

[Event "34th Chess Olympiad (women)"]
[Site "Istanbul"]
[Date "2000.11.02"]
[Round "6.39.2"]
[White "Afonso, Vieira"]
[Black "Konama, Anupama"]
[WhiteElo "2000"]
[BlackElo "2000"]
[WhiteCountry "ANG"]
[BlackCountry "SRI"]
[Result "1-0"]

1. d4 Nf6 2. c4 c6 3. Nc3 d5 4. e3 g6 5. h3 Bg7 6. Bd2 O-O 7. Nf3 Nbd7 
8. Bd3 Re8 9. O-O Nb6 10. Qb3 Qc7 11. Rac1 dxc4 12. Bxc4 Nxc4 13. Qxc4 Qd8 
14. Rfd1 e6 15. b3 Qe7 16. Ne2 a5 17. Qc5 Qd8 18. Ne5 Ne4 19. Qc2 Nxd2 
20. Rxd2 Qe7 21. Nc4 e5 22. dxe5 Bxe5 23. Nxe5 Qxe5 24. Qc5 Qxc5 25. Rxc5 Be6 
26. Nf4 Bf5 27. Rc1 Rac8 28. g4 Be6 29. Rd6 Kf8 30. Nxe6+ Rxe6 31. Rxe6 fxe6 
32. Rd1 Ke7 33. f4 Rd8 34. Rxd8 Kxd8 35. Kf2 b5 36. a3 c5 37. Ke2 Kd7 
38. Kd3 Kd6 39. e4 h6 40. h4 Ke7 41. a4 c4+ 42. bxc4 bxa4 43. Kc3 Kd6 
44. Kb2 Kc5 45. f5 exf5 46. exf5 gxf5 47. gxf5 Kd6 48. Ka3 Ke5 49. Kxa4 Kxf5 
50. Kxa5 Ke6 51. Kb6 Kd7 52. c5 Kc8 53. Kc6 h5 54. Kd6 Kd8 55. Ke6 Kc7 
56. Kf5 Kc6 57. Kg5 Kxc5 58. Kxh5 Kd6 59. Kg6 Ke7 60. Kg7 Ke6 61. h5 Kf5 
62. h6 Ke5 63. h7 Ke4 64. h8=Q Kd5 65. Qe8 Kd4 66. Kf6 Kd3 67. Qe5 Kc4 
68. Kf5 Kd3 69. Qe4+ Kc3 70. Kf4 Kb3 71. Ke3 Kc3 72. Qd4+ Kb3 73. Kd3 Ka3 
74. Qb6 Ka2 75. Kc3 Ka1 76. Qb2+ 
1-0

[Event "34th Chess Olympiad (women)"]
[Site "Istanbul"]
[Date "2000.11.02"]
[Round "6.39.3"]
[White "Rathayake, Chandra"]
[Black "Conceicao Venancio, Maria"]
[WhiteElo "2000"]
[BlackElo "2000"]
[WhiteCountry "SRI"]
[BlackCountry "ANG"]
[Result "1/2-1/2"]

1. e4 c5 2. Nf3 d6 3. d4 cxd4 4. Nxd4 Nf6 5. Nc3 a6 6. Bd3 Nc6 7. Be3 e6 
8. O-O Be7 9. h3 O-O 10. Qe2 Qc7 11. Rad1 Re8 12. Nf3 Nd7 13. Bf4 b5 
14. Qd2 Bb7 15. Rfe1 Rad8 16. a3 Nc5 17. Qe3 Nxd3 18. Rxd3 Qa5 19. Red1 b4 
20. Nb1 bxa3 21. Rxa3 Qc7 22. Rad3 Nb4 23. Rc3 Nc6 24. Rcd3 Rd7 25. Nc3 Nb4 
26. R3d2 Rdd8 27. Qe2 h6 28. Rd4 Nc6 29. R4d2 Na5 30. Rd3 Nc4 31. Na4 e5 
32. Be3 Bxe4 33. Rc3 Bxf3 34. Qxf3 
1/2-1/2

[Event "34th Chess Olympiad (women)"]
[Site "Istanbul"]
[Date "2000.11.02"]
[Round "6.40.1"]
[White "Mudongo, Boikhutso"]
[Black "Choi, Kuan"]
[WhiteElo "2000"]
[BlackElo "2000"]
[WhiteCountry "BOT"]
[BlackCountry "MAC"]
[Result "1-0"]

1. e4 d6 2. Nf3 e6 3. d4 g6 4. Be3 Bg7 5. Qd2 Ne7 6. Nc3 d5 7. e5 Nf5 
8. Bf4 O-O 9. Bd3 Nd7 10. h4 f6 11. O-O-O fxe5 12. dxe5 Nxe5 13. Bxe5 Bxe5 
14. Nxe5 Nxh4 15. Qh6 Qf6 16. Rxh4 Qg7 17. Qxg7+ Kxg7 18. Rdh1 Rh8 19. Nxg6 Re8 
20. Rxh7+ Kf6 21. g4 e5 22. Nxd5+ 
1-0

[Event "34th Chess Olympiad (women)"]
[Site "Istanbul"]
[Date "2000.11.02"]
[Round "6.40.2"]
[White "Lee, Wing"]
[Black "Lopang, Tshepiso"]
[WhiteElo "2000"]
[BlackElo "2000"]
[WhiteCountry "MAC"]
[BlackCountry "BOT"]
[Result "1-0"]

1. e4 e5 2. Nf3 d6 3. c3 Nf6 4. Qc2 Be7 5. d4 exd4 6. cxd4 Bg4 7. Nbd2 Qd7 
8. h3 Bxf3 9. Nxf3 O-O 10. Bd3 g6 11. O-O Kg7 12. Bd2 a6 13. Bc3 Kg8 
14. Rad1 Nh5 15. Nh2 Nf4 16. Ng4 f6 17. d5 c6 18. Qd2 Nxd3 19. Qxd3 Kf7 
20. f4 Ke8 21. e5 dxe5 22. fxe5 fxe5 23. Rxf8+ Kxf8 24. d6 Bd8 25. Bxe5 b5 
26. Qd2 Ke8 27. Rf1 Qe6 28. Bf6 Bb6+ 29. Kh1 Kd7 30. Re1 Qd5 31. Re7+ Kxd6 
32. Qf4+ 
1-0

[Event "34th Chess Olympiad (women)"]
[Site "Istanbul"]
[Date "2000.11.02"]
[Round "6.40.3"]
[White "Nakedi, Gloria"]
[Black "Dylis Ma, Pui"]
[WhiteElo "2000"]
[BlackElo "2000"]
[WhiteCountry "BOT"]
[BlackCountry "MAC"]
[Result "1-0"]

1. d4 d5 2. e3 Nc6 3. f4 Nf6 4. Nd2 Ng4 5. Ngf3 f6 6. Be2 e5 7. g3 Bf5 8. c3 a5 
9. Nxe5 Ngxe5 10. dxe5 fxe5 11. Nf3 e4 12. Nd4 Bd7 13. Bg4 Qe7 14. Bxd7+ Qxd7 
15. Nxc6 bxc6 16. Qh5+ g6 17. Qe5+ Qe7 18. Qxh8 Kd7 19. O-O Rd8 20. Bd2 h6 
21. Rad1 Qg7 22. Qxg7+ Bxg7 23. b3 Re8 24. h3 h5 25. f5 
1-0

[Event "34th Chess Olympiad (women)"]
[Site "Istanbul"]
[Date "2000.11.02"]
[Round "6.41.1"]
[White "Phiri, Catherine"]
[Black "Abdulsalam, Rawidah"]
[WhiteElo "2000"]
[BlackElo "2000"]
[WhiteCountry "ZAM"]
[BlackCountry "YEM"]
[Result "1-0"]

1. e4 e5 2. Nf3 Nc6 3. d4 exd4 4. Bc4 h6 5. O-O Bc5 6. c3 Nf6 7. cxd4 Na5 
8. Bxf7+ Kxf7 9. dxc5 Nxe4 10. Qd5+ Kf8 11. Qxe4 Nc6 12. Nc3 b6 13. Nh4 Kg8 
14. Re1 bxc5 15. Nd5 Rb8 16. Ng6 Rh7 17. Nde7+ Nxe7 18. Nxe7+ Kf8 19. Qf5+ Ke8 
20. Nc6+ 
1-0

[Event "34th Chess Olympiad (women)"]
[Site "Istanbul"]
[Date "2000.11.02"]
[Round "6.41.2"]
[White "Raweh, Adeela"]
[Black "Mtine, Joy"]
[WhiteElo "2000"]
[BlackElo "2000"]
[WhiteCountry "YEM"]
[BlackCountry "ZAM"]
[Result "0-1"]

1. e4 e5 2. Nf3 Nc6 3. Bb5 d6 4. d4 exd4 5. Nxd4 Bd7 6. Bd2 Nxd4 7. Bxd7+ Qxd7 
8. Be3 Nc6 9. Nc3 Nf6 10. f3 Be7 11. O-O O-O 12. a3 Ne5 13. Nd5 Nxd5 
14. exd5 Bf6 15. Bd4 Qb5 16. Bc3 Nd7 17. Qd2 Rfe8 18. Rfe1 Bxc3 19. Rxe8+ Rxe8 
20. Qxc3 Qc5+ 21. Qxc5 Nxc5 22. b3 Re2 23. c3 Nxb3 24. Rb1 Nc5 25. Rf1 Ra2 
26. Re1 Kf8 27. Re3 Rc2 
0-1

[Event "34th Chess Olympiad (women)"]
[Site "Istanbul"]
[Date "2000.11.02"]
[Round "6.41.3"]
[White "Banda, Mercy"]
[Black "Abdulsalam, Nadhmeia"]
[WhiteElo "2000"]
[BlackElo "2000"]
[WhiteCountry "ZAM"]
[BlackCountry "YEM"]
[Result "1-0"]

1. e4 e5 2. Nf3 Nc6 3. Bc4 Nf6 4. d3 d5 5. exd5 Nxd5 6. Bb5 Bd6 7. O-O O-O 
8. Bxc6 bxc6 9. h3 Re8 10. Nfd2 Bf5 11. Re1 h6 12. Nf3 e4 13. dxe4 Bxe4 
14. Be3 Nb4 15. Na3 Qf6 16. Qd4 Qg6 17. Nh4 Qh7 18. c3 Rad8 19. Qxa7 Ra8 
20. Qd4 c5 21. Qd2 Nd5 22. f3 Bd3 23. g4 Nb6 24. Ng2 g5 25. Rad1 Nc4 
26. Qxd3 Qxd3 27. Rxd3 Nxb2 28. Rd2 Na4 29. Rc1 Nb6 30. Nb5 Nc4 31. Re2 Bf4 
32. Rce1 c6 33. Bxf4 Rxe2 34. Rxe2 gxf4 35. Nc7 Ne3 36. Nxf4 Ra7 37. Rxe3 Rxc7 
38. Nd3 c4 39. Nf4 Kg7 40. Kf2 Rd7 41. Ke2 Ra7 42. Re4 Rxa2+ 43. Ke3 Ra4 
44. Re5 Kf6 45. Rc5 Kg7 46. Rxc6 Kf8 47. Rxh6 
1-0

[Event "34th Chess Olympiad (women)"]
[Site "Istanbul"]
[Date "2000.11.02"]
[Round "6.42.1"]
[White "Connolly, Suzanne"]
[Black "Babic, Gail"]
[WhiteElo "2105"]
[BlackElo "2000"]
[WhiteCountry "IRL"]
[BlackCountry "ISV"]
[Result "1-0"]

1. e4 e5 2. Nf3 Nc6 3. Bb5 d5 4. exd5 Qxd5 5. Nc3 Qe6 6. O-O Bc5 7. Nxe5 Nge7 
8. d4 O-O 9. Bc4 Qf6 10. Nxc6 Qxc6 11. dxc5 Qxc5 12. Bb3 Ng6 13. Be3 Qc6 
14. Qd5 Ne7 15. Qxc6 Nxc6 
1-0

[Event "34th Chess Olympiad (women)"]
[Site "Istanbul"]
[Date "2000.11.02"]
[Round "6.42.2"]
[White "Mody, Ila"]
[Black "O`Siochru, Mairead"]
[WhiteElo "2000"]
[BlackElo "2000"]
[WhiteCountry "ISV"]
[BlackCountry "IRL"]
[Result "0-1"]

1. d4 d5 2. c4 c6 3. Nc3 Nf6 4. Nf3 dxc4 5. a4 Bf5 6. e3 e6 7. Bxc4 Bb4 
8. O-O O-O 9. Qe2 Bg6 10. h3 Nbd7 11. Rd1 Qc7 12. Bd2 Bxc3 13. bxc3 Ne4 
14. Be1 Nb6 15. Bb3 Nd5 16. Rdc1 Rfd8 17. Nh4 Qe7 18. Nxg6 hxg6 19. c4 Ndf6 
20. f3 Nd6 21. c5 Nde8 22. a5 Nc7 23. Bc4 a6 24. Bg3 Nb5 25. Bxb5 axb5 
26. Rcb1 Nd5 27. Qe1 Rd7 28. Rb2 Qg5 29. Bf2 e5 30. e4 Nc7 31. Rd2 Qd8 
32. Qd1 exd4 33. Bxd4 Ne6 34. Be3 Rxd2 35. Bxd2 Qd4+ 36. Be3 Qxe3+ 37. Kh2 Rd8 
38. Qf1 Nxc5 39. Rd1 Rxd1 40. Qxd1 Qd3 41. Qxd3 Nxd3 
0-1

[Event "34th Chess Olympiad (women)"]
[Site "Istanbul"]
[Date "2000.11.02"]
[Round "6.42.3"]
[White "Quinn, Deborah"]
[Black "Murphy, Margaret"]
[WhiteElo "2000"]
[BlackElo "2000"]
[WhiteCountry "IRL"]
[BlackCountry "ISV"]
[Result "1-0"]

1. e4 e6 2. d4 d5 3. ed5 ed5 4. Bd3 Nf6 5. Nf3 Be7 6. O-O O-O 7. Be3 c6 
8. Nbd2 Bg4 9. h3 Bf3 10. Nf3 Re8 11. c4 Ne4 12. cd5 cd5 13. Qb3 b6 14. Ne5 Bf6 
15. Be4 Be5 16. Bd5 
1-0

[Event "34th Chess Olympiad (women)"]
[Site "Istanbul"]
[Date "2000.11.02"]
[Round "6.43.1"]
[White "Hagesaether, Ellen"]
[Black "Zsiltzova-Lisenko, Lubov"]
[WhiteElo "2044"]
[BlackElo "2273"]
[WhiteCountry "NOR"]
[BlackCountry "IBSA"]
[Result "0-1"]

1. e4 c5 2. Nf3 d6 3. d3 Nc6 4. g3 g6 5. Bg2 Bg7 6. O-O e6 7. Nbd2 Nge7 
8. a4 O-O 9. Nc4 d5 10. Ne3 b6 11. Ng4 f5 12. ef5 gf5 13. Nh6+ Kh8 14. Bg5 Qe8 
15. Nh4 Ng6 16. Qh5 Bd7 17. Rae1 Nh4 18. Qh4 Qg6 19. c4 dc4 20. dc4 Nd4 
21. Ba8 Ra8 22. Re3 Ba4 23. g4 Bc6 24. f4 Rf8 25. Be7 Re8 26. Bg5 fg4 
27. Ng4 Nf5 28. Qh3 Ne3 29. Ne3 Bb2 30. Kf2 Bd4 31. Ke2 e5 32. Kd2 ef4 
33. Bf4 Be3+ 34. Be3 Bg2 
0-1

[Event "34th Chess Olympiad (women)"]
[Site "Istanbul"]
[Date "2000.11.02"]
[Round "6.43.2"]
[White "Maeckelberg, Mieke"]
[Black "Berntsen, Sheila Barth"]
[WhiteElo "2000"]
[BlackElo "2094"]
[WhiteCountry "IBSA"]
[BlackCountry "NOR"]
[Result "0-1"]

1. e4 c5 2. Nf3 Nc6 3. d4 cxd4 4. Nxd4 Nf6 5. Nc3 e5 6. Ndb5 d6 7. Bg5 a6 
8. Na3 Be6 9. Bxf6 gxf6 10. Nd5 f5 11. Bd3 Bxd5 12. exd5 Ne7 13. c4 Bg7 
14. Qa4+ Kf8 15. Rb1 h5 16. b4 e4 17. Be2 Bc3+ 18. Kf1 Ng6 19. Qb3 Bd4 
20. Nc2 Be5 21. h4 Nf4 22. g3 Nxe2 23. Kxe2 Rc8 24. Rhc1 f4 25. gxf4 Bxf4 
26. Rh1 Rg8 27. Ne3 Qf6 28. c5 Be5 29. Nc4 Rg2 30. Rbf1 Bd4 31. Qg3 Rxg3 
0-1

[Event "34th Chess Olympiad (women)"]
[Site "Istanbul"]
[Date "2000.11.02"]
[Round "6.43.3"]
[White "Hersvik, Anita"]
[Black "Sanchez, Esmeralda"]
[WhiteElo "2172"]
[BlackElo "2000"]
[WhiteCountry "NOR"]
[BlackCountry "IBSA"]
[Result "1/2-1/2"]

1. e4 c5 2. c3 d5 3. exd5 Qxd5 4. d4 Nf6 5. Nf3 Nc6 6. Be2 e6 7. O-O cxd4 
8. cxd4 Be7 9. Nc3 Qd6 10. Nb5 Qd8 11. Ne5 Bd7 12. Bc4 O-O 13. Be3 a6 
14. Nc3 Qc7 15. Nxd7 Qxd7 16. Qd2 Nb4 17. Rad1 Nbd5 18. Bd3 Rfd8 19. Bb1 Nxc3 
20. bxc3 Qd5 21. Bg5 Rac8 22. Rfe1 Qc4 23. Rc1 g6 24. Bd3 Qc7 25. Bf4 Qd7 
26. Be5 Ng4 27. Bf4 e5 28. Bxe5 Nxe5 29. Rxe5 Bf6 30. Ree1 b5 31. Qf4 Bg7 
32. Be4 b4 33. cxb4 Qxd4 34. Rxc8 Rxc8 35. Qf3 Qxb4 36. Rd1 Re8 37. Bd3 Re1+ 
38. Bf1 Rxd1 39. Qxd1 Qb6 40. Qd3 a5 41. Qc2 
1/2-1/2